| 000 | 01125cam a2200217 4500 | ||
|---|---|---|---|
| 001 | ABS65029 | ||
| 008 | 020128n2001 000 0 eng u | ||
| 035 | _a(Sirsi) u116506 | ||
| 100 | _aTaylor, D | ||
| 245 | _aTaking the law into our hands | ||
| 260 | _c2001 | ||
| 490 |
_aConstruction News _v(6746) 13 December 2001, 26-27(2) |
||
| 520 | _aReport from a conference examining the powers of the layman, specifically the role of the adjudicator in contractual disputes. The conference examined the cases where the adjudicator's verdict had been challenged, discussing the issues raised by these cases. The topics discussed included the extent of the adjudicator's jurisdiction, the division of costs and 'bespoke' adjudication. | ||
| 590 | _aABS | ||
| 650 | _aEXPERT WITNESSES | ||
| 650 | _aJURISDICTION | ||
| 650 | _aLEGAL COSTS | ||
| 650 | _aMANAGEMENT-DISPUTE AVOIDANCE, MANAGEMENT AND RESOLUTION-DISPUTE MANAGEMENT AND RESOLUTION-ALTERNATIVE DISPUTE RESOLUTION-ADJUDICATION | ||
| 690 | _aMANAGEMENT-DISPUTE AVOIDANCE, MANAGEMENT AND RESOLUTION-DISPUTE MANAGEMENT AND RESOLUTION-EXPERT WITNESSES | ||
| 942 | _n0 | ||
| 999 |
_c69374 _d69374 |
||